Представление документа в формате MARC21

ПолеНазваниеЗначение
  Тип записи a
  Библиографический уровень m
001 Контрольный номер RU/URAIT/584222
005 Дата корректировки 20260429163609.5
008 Кодируемые данные 260429s2026 RU y f j 000 0 rus u
020 Индекс ISBN __
a ISBN 978-5-534-07539-7
c Цена, тираж 1899.00
040 Источник каталогиз. __
a Служба первич. каталог. ИКО Юрайт
c Служба, преобразующая запись ИКО Юрайт
e Правила каталог. RCR
041 Код языка издания __
a Код языка текста rus
044 Код страны публикации __
a Код страны публикации RU
080 Индекс УДК __
a Индекс УДК 553.078(075.8)
084 Индекс другой классификации/Индекс ББК __
2 Источник индекса rubbk
a Индекс другой классификации/Индекс ББК 26.3я73
100 Автор __
a Автор Старостин В. И.
q Полное имя Старостин Виктор Иванович
245 Заглавие __
a Заглавие Структуры рудных полей и месторождений
b Продолж. заглавия учебник для вузов
c Ответственность В. И. Старостин, А. Л. Дергачев, Ж. В. Семинский ; под общей редакцией В. И. Старостина.
250 Сведения об издании __
g испр. и доп
a Основные сведения об издании 2-е изд.
256 Характеристики компьютерного файла __
a Характеристики компьютерного файла Электрон. дан.
260 Выходные данные __
a Место издания Москва
b Издательство Юрайт
c Дата издания 2026
300 Физическое описание __
a Объем 360 с
440 Серия __
a Серия Высшее образование
500 Примечания __
a Примечание URL: https://urait.ru/bcode/584222 (дата обращения: 29.04.2026).
520 Аннотация __
a Аннотация В современных экономических условиях существенно меняются принципы оценки месторождений полезных ископаемых, и работа над рудными объектами оказывается эффективной только в том случае, если базируется на исследованиях геологической структуры рудных полей и месторождений. В курсе обобщен накопленный к настоящему времени отечественный и зарубежный опыт в этой области. Приводятся основные определения и краткий исторический обзор путей развития структурных исследований рудных объектов, излагаются основные понятия теории деформации и сведения о физико-механических свойствах горных пород и их влиянии на рудолокализацию. Даются классификация и характеристика дорудных тектоногенных, тектоно-магматогенных, тектоно-экзогенных и тектоно-метаморфогенных структур. Рассматривается роль внутрирудных и послерудных деформаций. Описаны приемы структурных исследований на рудных полях и месторождениях. Структурные особенности рудных полей и тел рассмотрены на примере большого числа месторождений.
538 Прим. о системных особенностях __
a Прим. о системных особенностях Режим доступа: Электронно-библиотечная система Юрайт, для авториз. пользователей
653 Ключевые слова __
a Ключевые слова Физическая география. Геология. Почвоведение
653 Ключевые слова __
a Ключевые слова Естественные науки
653 Ключевые слова __
a Ключевые слова Прогнозирование и поиски месторождения полезных ископаемых
653 Ключевые слова __
a Ключевые слова Обогащение руд цветных металлов
653 Ключевые слова __
a Ключевые слова Месторождения полезных ископаемых
653 Ключевые слова __
a Ключевые слова Структуры рудных полей
653 Ключевые слова __
a Ключевые слова Основы металлогении и структура рудных полей
653 Ключевые слова __
a Ключевые слова Структуры рудных полей и месторождений
653 Ключевые слова __
a Ключевые слова Анализ состояния разработки месторождений
653 Ключевые слова __
a Ключевые слова Автоматизированная система контроля разработки месторождений
653 Ключевые слова __
a Ключевые слова Подземная разработка рудных месторождений
653 Ключевые слова __
a Ключевые слова Автоматизированная обработка данных контроля разработки месторождений
653 Ключевые слова __
a Ключевые слова Разработка рудных месторождений
653 Ключевые слова __
a Ключевые слова Процессы подземной разработки рудных месторождений
653 Ключевые слова __
a Ключевые слова Разработка рудных и угольных месторождений
653 Ключевые слова __
a Ключевые слова Технология подземной разработки рудных месторождений
653 Ключевые слова __
a Ключевые слова Методы комплексной переработки рудных и техногенных месторождений тяжелых цветных металлов
653 Ключевые слова __
a Ключевые слова Физические методы изучения горных пород и руд
653 Ключевые слова __
a Ключевые слова Объемное моделирование рудных систем
653 Ключевые слова __
a Ключевые слова Компьютерное моделирование рудных месторождений
653 Ключевые слова __
a Ключевые слова Технология подземной и комбинированной разработки рудных месторождений
653 Ключевые слова __
a Ключевые слова Управление качеством руд при добыче
653 Ключевые слова __
a Ключевые слова Моделирование рудных месторождений
653 Ключевые слова __
a Ключевые слова Вскрытие и подготовка рудных месторождений
653 Ключевые слова __
a Ключевые слова Мониторинг технологических процессов при разработке рудных месторождений
653 Ключевые слова __
a Ключевые слова Организация проектирования и строительства рудных и угольных карьеров
653 Ключевые слова __
a Ключевые слова Основы подземной разработки рудных месторождений
653 Ключевые слова __
a Ключевые слова Открытая разработка угольных и рудных месторождений
653 Ключевые слова __
a Ключевые слова Процессы очистных работ при разработке рудных месторождений
653 Ключевые слова __
a Ключевые слова Системы разработки рудных месторождений
653 Ключевые слова __
a Ключевые слова Управление качеством руд и угля
653 Ключевые слова __
a Ключевые слова Вскрытие месторождений полезных ископаемых
653 Ключевые слова __
a Ключевые слова 3D моделирование месторождений полезных ископаемых
653 Ключевые слова __
a Ключевые слова Современные методы технологии добычи руд месторождений стратегических металлов
653 Ключевые слова __
a Ключевые слова Автоматизация производственных процессов разработки месторождений
653 Ключевые слова __
a Ключевые слова Основы разработки месторождений руд цветных и благородных металлов
653 Ключевые слова __
a Ключевые слова Транспорт руды на поверхности
700 Другие авторы __
a Другие авторы Дергачев А. Л.
q Полное имя Дергачев Александр Лукич
700 Другие авторы __
a Другие авторы Семинский Ж. В.
q Полное имя Семинский Жан Вячеславович
856 Электронный адрес документа 40
n Местонахождение сервера Юрайт
g Электронная книга
q Тип электронного формата html
h Имя пользователя ЮРАЙТ
v Часы доступа к ресурсу 20271231
2 Способ доступа Показать документ
x Служебное примечание https://urait.ru/book/cover/2E3DB9A5-A696-4515-B906-C7DD49EF8E03
u URL https://urait.ru/bcode/584222
856 Электронный адрес документа 48
q Тип электронного формата cover
u URL https://urait.ru/book/cover/2E3DB9A5-A696-4515-B906-C7DD49EF8E03
911 __
u 0030=https://urait.ru/bcode/584222
911 __
u 073a=9785534075397
u 073d=1899.00
911 __
u 106a=s
911 __
u 900l=
952 Тип литературы __
i Дисциплина Прогнозирование и поиски месторождения полезных ископаемых
952 Тип литературы __
i Дисциплина Обогащение руд цветных металлов
952 Тип литературы __
i Дисциплина Месторождения полезных ископаемых
952 Тип литературы __
i Дисциплина Структуры рудных полей
952 Тип литературы __
i Дисциплина Основы металлогении и структура рудных полей
952 Тип литературы __
i Дисциплина Структуры рудных полей и месторождений
952 Тип литературы __
i Дисциплина Анализ состояния разработки месторождений
952 Тип литературы __
i Дисциплина Автоматизированная система контроля разработки месторождений
952 Тип литературы __
i Дисциплина Подземная разработка рудных месторождений
952 Тип литературы __
i Дисциплина Автоматизированная обработка данных контроля разработки месторождений
952 Тип литературы __
i Дисциплина Разработка рудных месторождений
952 Тип литературы __
i Дисциплина Процессы подземной разработки рудных месторождений
952 Тип литературы __
i Дисциплина Разработка рудных и угольных месторождений
952 Тип литературы __
i Дисциплина Технология подземной разработки рудных месторождений
952 Тип литературы __
i Дисциплина Методы комплексной переработки рудных и техногенных месторождений тяжелых цветных металлов
952 Тип литературы __
i Дисциплина Физические методы изучения горных пород и руд
952 Тип литературы __
i Дисциплина Объемное моделирование рудных систем
952 Тип литературы __
i Дисциплина Компьютерное моделирование рудных месторождений
952 Тип литературы __
i Дисциплина Технология подземной и комбинированной разработки рудных месторождений
952 Тип литературы __
i Дисциплина Управление качеством руд при добыче
952 Тип литературы __
i Дисциплина Моделирование рудных месторождений
952 Тип литературы __
i Дисциплина Вскрытие и подготовка рудных месторождений
952 Тип литературы __
i Дисциплина Мониторинг технологических процессов при разработке рудных месторождений
952 Тип литературы __
i Дисциплина Организация проектирования и строительства рудных и угольных карьеров
952 Тип литературы __
i Дисциплина Основы подземной разработки рудных месторождений
952 Тип литературы __
i Дисциплина Открытая разработка угольных и рудных месторождений
952 Тип литературы __
i Дисциплина Процессы очистных работ при разработке рудных месторождений
952 Тип литературы __
i Дисциплина Системы разработки рудных месторождений
952 Тип литературы __
i Дисциплина Управление качеством руд и угля
952 Тип литературы __
i Дисциплина Вскрытие месторождений полезных ископаемых
952 Тип литературы __
i Дисциплина 3D моделирование месторождений полезных ископаемых
952 Тип литературы __
i Дисциплина Современные методы технологии добычи руд месторождений стратегических металлов
952 Тип литературы __
i Дисциплина Автоматизация производственных процессов разработки месторождений
952 Тип литературы __
i Дисциплина Основы разработки месторождений руд цветных и благородных металлов
952 Тип литературы __
i Дисциплина Транспорт руды на поверхности